Acción, historia y orden institucional: ensayos de filosofía práctica y una reflexión sobre estética

Gardado en:
Detalles Bibliográficos
Autor Principal: Bubner, Rudiger
Formato: Libro
Idioma:Lingua castelá
Publicado: Buenos Aires, Argentina Fondo de Cultura Económica 2010
Buenos Aires Universidad Autónoma Metropolitana 2010
Subjects:
Tags: Engadir etiqueta
Sen Etiquetas, Sexa o primeiro en etiquetar este rexistro!

MARC

LEADER 00000nam a2200000 a 4500
001 UCG7015
003 CL-VaPUC
005 20210617001558.0
008 110609e20100000ag |||||||||||||||||spa|d
999 |c 345119  |d 345117 
020 |a 9789505578573 
040 |c Pontificia Universidad Católica de Valparaíso 
082 0 4 |a 190 BUB 2010 2010  |2 21 
100 |a Bubner, Rudiger  |9 557544 
245 1 0 |a Acción, historia y orden institucional: ensayos de filosofía práctica y una reflexión sobre estética 
260 0 3 |a Buenos Aires, Argentina  |b Fondo de Cultura Económica  |c 2010 
260 |a Buenos Aires  |b Universidad Autónoma Metropolitana  |c 2010 
300 |a 415 páginas 
583 |k Rodrigo Vera  |c 20200910 
650 0 |a Filosofía moderna  |9 258121 
942 |c BK  |2 ddc 
945 |d 20110609 00:00:00  |a dcastane 
952 |0 0  |1 0  |2 ddc  |4 0  |6 190_000000000000000_BUB_2010  |7 0  |8 A  |9 443585  |a BIBEDU  |b BIBEDU  |c ES_NOD  |d 2019-11-22  |i 4783662  |o 190 BUB 2010  |p 4783662  |r 2023-08-09  |t 1  |w 2019-11-22  |y BK  |k FIL